<?xml version="1.0" encoding="UTF-8"?>
<record
    xmlns:xsi="http://www.w3.org/2001/XMLSchema-instance"
    xsi:schemaLocation="http://www.loc.gov/MARC21/slim http://www.loc.gov/standards/marcxml/schema/MARC21slim.xsd"
    xmlns="http://www.loc.gov/MARC21/slim">

  <leader>00865nam a2200205Ia 4500</leader>
  <controlfield tag="008">120625s2005    mx            000 0 spa d</controlfield>
  <datafield tag="020" ind1=" " ind2=" ">
    <subfield code="a">9706651330</subfield>
  </datafield>
  <datafield tag="050" ind1=" " ind2="4">
    <subfield code="a">BJ1725 </subfield>
    <subfield code="b">Z35</subfield>
  </datafield>
  <datafield tag="100" ind1="1" ind2=" ">
    <subfield code="a">Zamorano Garc&#xED;a, Enrique</subfield>
    <subfield code="e">, autor.</subfield>
    <subfield code="9">15914</subfield>
  </datafield>
  <datafield tag="245" ind1="1" ind2="0">
    <subfield code="a">&#xC9;tica profesional : </subfield>
    <subfield code="b">el tercer cantero </subfield>
    <subfield code="c">/ Enrique Zamorano Garc&#xED;a.</subfield>
  </datafield>
  <datafield tag="260" ind1="3" ind2=" ">
    <subfield code="a">M&#xE9;xico </subfield>
    <subfield code="b">: Instituto Mexicano de Contadores P&#xFA;blicos</subfield>
    <subfield code="c">, 2005.</subfield>
  </datafield>
  <datafield tag="300" ind1=" " ind2=" ">
    <subfield code="a">229 p&#xE1;ginas.</subfield>
  </datafield>
  <datafield tag="336" ind1=" " ind2=" ">
    <subfield code="a">Texto</subfield>
  </datafield>
  <datafield tag="337" ind1=" " ind2=" ">
    <subfield code="a">Sin medio</subfield>
  </datafield>
  <datafield tag="338" ind1=" " ind2=" ">
    <subfield code="a">Volumen</subfield>
  </datafield>
  <datafield tag="504" ind1=" " ind2=" ">
    <subfield code="a">Incluye bibliograf&#xED;a (pp.227-229)</subfield>
  </datafield>
  <datafield tag="505" ind1=" " ind2=" ">
    <subfield code="a">Conceptos y y principios fundamentales de la &#xE9;tica
Secreto profesional
Dignidad de la profesi&#xF3;n 
Formaci&#xF3;n &#xE9;tica del profesionista 
&#xC9;tica en las firmas profesionales
Instituciones profesionales
Transparencia y corrupci&#xF3;n
&#xC9;tica y sociedad. </subfield>
  </datafield>
  <datafield tag="650" ind1="1" ind2="4">
    <subfield code="a">&#xC9;TICA PROFESIONAL</subfield>
    <subfield code="9">134</subfield>
  </datafield>
  <datafield tag="942" ind1=" " ind2=" ">
    <subfield code="c">LB</subfield>
  </datafield>
  <datafield tag="952" ind1=" " ind2=" ">
    <subfield code="0">0</subfield>
    <subfield code="1">0</subfield>
    <subfield code="4">0</subfield>
    <subfield code="7">0</subfield>
    <subfield code="a">04</subfield>
    <subfield code="b">04</subfield>
    <subfield code="d">2007-02-20</subfield>
    <subfield code="l">24</subfield>
    <subfield code="m">1</subfield>
    <subfield code="o">BJ1725 Z35</subfield>
    <subfield code="p">04 000234</subfield>
    <subfield code="r">2018-04-19</subfield>
    <subfield code="s">2018-04-19</subfield>
    <subfield code="t">1</subfield>
    <subfield code="w">2012-06-24</subfield>
    <subfield code="y">LB</subfield>
  </datafield>
  <datafield tag="952" ind1=" " ind2=" ">
    <subfield code="0">0</subfield>
    <subfield code="1">0</subfield>
    <subfield code="4">0</subfield>
    <subfield code="7">0</subfield>
    <subfield code="a">04</subfield>
    <subfield code="b">04</subfield>
    <subfield code="d">2007-02-20</subfield>
    <subfield code="l">27</subfield>
    <subfield code="m">2</subfield>
    <subfield code="o">BJ1725 Z35</subfield>
    <subfield code="p">04 000235</subfield>
    <subfield code="r">2019-03-01</subfield>
    <subfield code="s">2016-11-08</subfield>
    <subfield code="t">2</subfield>
    <subfield code="w">2012-06-24</subfield>
    <subfield code="y">LB</subfield>
  </datafield>
  <datafield tag="952" ind1=" " ind2=" ">
    <subfield code="0">0</subfield>
    <subfield code="1">0</subfield>
    <subfield code="4">0</subfield>
    <subfield code="7">0</subfield>
    <subfield code="a">04</subfield>
    <subfield code="b">04</subfield>
    <subfield code="d">2013-08-23</subfield>
    <subfield code="l">24</subfield>
    <subfield code="o">BJ1725 Z35</subfield>
    <subfield code="p">04 000863</subfield>
    <subfield code="r">2018-04-23</subfield>
    <subfield code="s">2018-04-19</subfield>
    <subfield code="t">3</subfield>
    <subfield code="w">2013-08-23</subfield>
    <subfield code="y">LB</subfield>
  </datafield>
  <datafield tag="999" ind1=" " ind2=" ">
    <subfield code="c">61599</subfield>
    <subfield code="d">61599</subfield>
  </datafield>
</record>
